Quiz su Catania - Statistics

Statistiche generali
  • Questo quiz è stato fatto 17 volte
    6 dall'ultimo reset
  • Il punteggio medio è 9 su 14
Statistiche sulle risposte
Indizio Risposta % Corretto
Vulcano non lontano dalla città Etna
100%
Padre del verismo, ha scritto "rosso Malpelo" e "I Malavoglia" Giovanni Verga
100%
Si trova in questa regione Sicilia
100%
Stile archittetonico che è visibile in molti palazzi del centro storico Barocco
80%
Catastrofi naturali che colpirono la città nel XVII secolo Eruzione vulcanica/terremoto
80%
Piatto di pasta tipico catanese, formato da melanzane fritte, ricotta salata e pomodoro Pasta alla norma
80%
Popolo che fondò Catania Greci
60%
Altro stile archittetonico in voga agli inizi del '900 che caratterizza la città Liberty
60%
Gigante mitologico citato nell'Odissea che vive nell'Etna Polifemo
60%
Cantante nota per i brani "amore di plastica" e "l'ultimo bacio" Carmen Consoli
40%
Simbolo di Catania, si trova in piazza Duomo ed è fatto in pietra lavica Liotru
40%
Dolce catanese che consiste in una brioche fritta svuotata, farcita con crema. Il nome è lo stesso di un fiore Iris catanese
20%
Sotto la dinastia degli Aragona divenne la capitale di questo regno Regno di Sicilia
20%
Via principale di Catania che la divide da nord a sud Via Etnea
20%
Nessun quiz corrispondente trovato
Distribuzione punteggi
Percentuale di utenti per punteggio
Percentile per numero di risposta
I tuoi punteggi nel tempo
Non hai fatto questo quiz dall'ultimo reset